000 00686nam a22002297a 4500
001 44180
003 UA-OsUOA
005 20220206120449.0
007 ta
008 20070208b un ||||| |||| 00| 0 ukr d
020 _a5-89123-442-4
040 _aUA-OsUOA
_brus
_cUA-OsUOA
_dUA-OsUOA
041 _arus
080 _a32:340.12(091)
090 _a32:340.12(091)
_bИ 90
245 _aИстория политических и правовых учений
_bкраткий учебний курс
_cпод общ. ред. В. С. Нерсесянця
260 _aМ.
_bНорма
_c2006
300 _a352 с.
650 7 _a32 Політика
_2UDC
942 _cBK
_2udc
955 _a2
999 _c330298
_d330298